Bruno, or, On the natural and the divine principle of things / (Record no. 128228)
[ view plain ]
| 000 -LEADER | |
|---|---|
| fixed length control field | 01104cam a2200301 a 4500 |
| 001 - CONTROL NUMBER | |
| control field | 2349746 |
| 003 - CONTROL NUMBER IDENTIFIER | |
| control field | ARRUPE |
| 005 - DATE AND TIME OF LATEST TRANSACTION | |
| control field | 20180920161145.0 |
| 008 - FIXED-LENGTH DATA ELEMENTS--GENERAL INFORMATION | |
| fixed length control field | 830606s1984 nyu b s001 0 eng |
| 010 ## - LIBRARY OF CONGRESS CONTROL NUMBER | |
| LC control number | 83005101 |
| 020 ## - INTERNATIONAL STANDARD BOOK NUMBER | |
| International Standard Book Number | 0873957938 |
| 020 ## - INTERNATIONAL STANDARD BOOK NUMBER | |
| International Standard Book Number | 087395792X (pbk.) |
| 040 ## - CATALOGING SOURCE | |
| Original cataloging agency | DLC |
| Transcribing agency | DLC |
| Modifying agency | DLC |
| 041 1# - LANGUAGE CODE | |
| Language code of text/sound track or separate title | engger |
| 050 00 - LIBRARY OF CONGRESS CALL NUMBER | |
| Classification number | B2864.E5 |
| Item number | V37 1984 |
| 082 00 - DEWEY DECIMAL CLASSIFICATION NUMBER | |
| Classification number | 110 |
| Edition number | 19 |
| 300 ## - PHYSICAL DESCRIPTION | |
| Dimensions | 24 cm. |
| 100 1# - MAIN ENTRY--PERSONAL NAME | |
| Personal name | Schelling, Friedrich Wilhelm Joseph von, |
| Dates associated with a name | 1775-1854. |
| 9 (RLIN) | 42459 |
| 240 10 - UNIFORM TITLE | |
| Uniform title | <a href="Bruno.">Bruno.</a> |
| Language of a work | English |
| 245 10 - TITLE STATEMENT | |
| Title | Bruno, or, On the natural and the divine principle of things / |
| Statement of responsibility, etc | F.W.J. Schelling ; edited and translated, with an introduction, by Michael G. Vater. |
| 260 ## - PUBLICATION, DISTRIBUTION, ETC. (IMPRINT) | |
| Place of publication, distribution, etc | Albany : |
| Name of publisher, distributor, etc | State University of New York Press, |
| Date of publication, distribution, etc | c1984. |
| 300 ## - PHYSICAL DESCRIPTION | |
| Extent | xiv, 269 p. ; |
| 440 #0 - SERIES STATEMENT/ADDED ENTRY--TITLE | |
| Title | SUNY series in Hegelian studies |
| 9 (RLIN) | 21061 |
| 504 ## - BIBLIOGRAPHY, ETC. NOTE | |
| Bibliography, etc | Includes bibliographical references and index. |
| 650 #0 - SUBJECT ADDED ENTRY--TOPICAL TERM | |
| Topical term or geographic name as entry element | Metaphysics. |
| 9 (RLIN) | 42460 |
| 700 1# - ADDED ENTRY--PERSONAL NAME | |
| Personal name | Vater, Michael G., |
| Dates associated with a name | 1944- |
| 9 (RLIN) | 42461 |
| 740 0# - ADDED ENTRY--UNCONTROLLED RELATED/ANALYTICAL TITLE | |
| Uncontrolled related/analytical title | On the natural and the divine principle of things. |
| 906 ## - LOCAL DATA ELEMENT F, LDF (RLIN) | |
| a | 7 |
| b | cbc |
| c | orignew |
| d | 1 |
| e | ocip |
| f | 19 |
| g | y-gencatlg |
| 942 ## - ADDED ENTRY ELEMENTS (KOHA) | |
| Source of classification or shelving scheme | Library of Congress Classification |
| Koha item type | Monograph ( Printed materials) |
| Withdrawn status | Lost status | Source of classification or shelving scheme | Damaged status | Not for loan | Home library | Current library | Date acquired | Total Checkouts | Full call number | Barcode | Date last seen | Price effective from | Koha item type |
|---|---|---|---|---|---|---|---|---|---|---|---|---|---|
| Library of Congress Classification | ARRUPE LIBRARY | ARRUPE LIBRARY | 20/09/2018 | B2864.E5 V37 1984 | 46600002141 | 20/09/2018 | 20/09/2018 | Monograph ( Printed materials) |